الزنا بالمحارم فى المجتمع الماليزى : دراسة فقهية مقارنة /
Saved in:
| 主要作者: | |
|---|---|
| 其他作者: | |
| 格式: | Thesis |
| 语言: | Arabic |
| 出版: |
Gombak, Selangor :
al-Jami'ah al-Islamiyah al-'Alamiyah bi- Maliziya,
2004
|
| 主题: | |
| 标签: |
添加标签
没有标签, 成为第一个标记此记录!
|
| LEADER | 022490000a22004210004500 | ||
|---|---|---|---|
| 001 | 312464 | ||
| 005 | 20230420140159.0 | ||
| 008 | s2004 my g d | ||
| 035 | |a (Sirsi) 312464 | ||
| 040 | |a UIAM |b eng | ||
| 041 | 0 | |a ara | |
| 050 | 0 | 0 | |a BP158.4.H514 |
| 100 | 0 | |a وان نور عادلة بنت وان عبد الله |9 35360 | |
| 242 | 1 | 3 | |a al-Zina bi al-maharim fi al-mujtama' al-Malizi |
| 245 | 1 | 2 | |a الزنا بالمحارم فى المجتمع الماليزى : دراسة فقهية مقارنة / |c اعداد وان نور عادلة بنت وان عبد الله |
| 260 | |a Gombak, Selangor : |b al-Jami'ah al-Islamiyah al-'Alamiyah bi- Maliziya, |c 2004 | ||
| 300 | |a 121 leaves ; |c 30 cm. | ||
| 336 | |2 rdacontent | ||
| 337 | |2 rdamedia | ||
| 338 | |2 rdacarrier | ||
| 500 | |a Abstracts in English and Arabic | ||
| 502 | |a " ... for the degree of Master of Islamic Revealed Knowledge and Heritage (Fiqh and Usul al-Fiqh)"--Approval page | ||
| 502 | |a Thesis (MIRKH)--International Islamic University Malaysia, 2004 | ||
| 530 | |a Also available on 3 1/2 in. computer disk | ||
| 650 | 0 | |a Incest |z Malaysia |9 35361 | |
| 650 | 0 | |a Punishment (Islamic law) |9 15811 | |
| 650 | 0 | |a Punishment |z Malaysia |9 35152 | |
| 655 | 0 | 7 | |a Theses, IIUM local |
| 690 | 0 | |a Dissertations, Academic |x Department of Fiqh and Usul al-Fiqh |z IIUM | |
| 700 | 0 | |a Wan Nur 'Adilah bint Wan 'Abd Allah |9 35362 | |
| 730 | 0 | |a al-Zina bi al-maharim fi al-mujtama' al-Malizi (Computer file) |9 35363 | |
| 900 | |a ami-naw | ||
| 942 | |2 lcc |n 0 | ||
| 999 | |c 432205 |d 464351 | ||
| 952 | |0 0 |6 T BP 158.4 H514 W244Z 2004 |7 0 |8 THESES |9 753771 |a IIUM |b IIUM |c MULTIMEDIA |g 0.00 |o t BP 158.4 H514 W244Z 2004 |p 00011275180 |r 2017-10-17 |t 1 |v 0.00 |y THESIS | ||
| 952 | |0 0 |6 LU T BP 158.4 H514 W244Z 2004 |7 0 |8 THESES |9 755610 |a IIUM |b IIUM |c CLOSEACCES |g 0.00 |o lu t BP 158.4 H514 W244Z 2004 |p 00000924327 |r 2017-10-24 |t 1 |v 0.00 |y THESIS | ||
| 952 | |0 0 |6 LU T BP 158.4 H514 W244Z 2004 |7 0 |8 THESES |9 755611 |a IIUM |b IIUM |c CLOSEACCES |g 0.00 |o lu t BP 158.4 H514 W244Z 2004 |p 00000924328 |r 2017-10-24 |t 2 |v 0.00 |y THESIS | ||
| 952 | |0 0 |6 TS DK BP158.4H514W244Z 2004 |7 0 |8 THESES |9 819216 |a IIUM |b IIUM |c MULTIMEDIA |g 0.00 |o ts dk BP158.4H514W244Z 2004 |p 00000924329 |r 2017-11-17 |t 1 |v 0.00 |y THESISDIG | ||
